Представление документа в формате RUSMARC

ПолеНазваниеЗначение
  Тип записи a
  Библиографический уровень m
001 Контрольный номер RU/CBS_UL/BASE/a176bdab8b344288b60d248383b6db4f
005 Дата корректировки 20260112084142.2
010 Индекс ISBN __
a ISBN 978-5-378-34377-5
b Уточнения в пер.
d Цена 212 р. 75 к.
9 Тираж 5 000 экз.
100 Данные общей обработки __
a Данные общей обработки 20260112d 0rusy0189## ca
101 Язык документа 0_
a Язык текста rus
102 Страна публикации __
a Страна публикации RU
200 Заглавие и сведения об ответственности 1_
a Заглавие Транспорт
g Последующие сведения об ответственности авт. текстов А. Лобко, Л. Свеженец
210 Выходные данные 1_
a Место издания Ростов-на-Дону
c Издательство Проф-Пресс
d Дата издания 2024
215 Физическое описание __
a Объем 47 с.
c Иллюстрации/тип воспроизводства ил.
d Формат 20,5 см.
225 Серия 2_
a Серия Энциклопедия для маленьких почемучек
300 Общие примечания __
a Общие примечания 0+
606 Тематические рубрики 0_
a Основная рубрика Транспорт - Энциклопедии для детей
610 Ключевые слова 0_
a Ключевые слова транспорт; энциклопедии для детей; познавательная литература для детей; виды транспорта; устройство автомобилей
686 Индексы других классификаций __
2 Код системы rubbk
a Классификационный индекс 39.3
801 Источник записи _0
a Страна RU
b Организация МБУК ЦБС г. Ульяновска
c Дата составления 20260112
g Правила каталогизации RCR
801 Источник записи _1
a Страна RU
b Организация МБУК ЦБС г. Ульяновска
c Дата составления 20260112
g Правила каталогизации RCR
852 Данные о местонахождении __
i Авторский знак Т 65
j Шифр хранения 39.3
900 Электронные ресурсы __
a Имя электронного ресурса транспорт энц. для мал. почемучек
901 Тип документа __
t Тип документа m
909 Создатель записи __
a Создатель записи obr2
b Дата создания записи 20260112